000 00951 a2200241 4500
005 20190326110942.0
008 190322s2018 be ||||| |||| 00| 0 eng d
020 _a9782807608733
040 _aCO-BoUCM
_bspa
_cSaul Niño
_dSaul Niño
041 0 _afre
100 1 0 _aDubois, Mathieu
_995857
245 1 4 _aLes conséquences économiques de Mai 68
_bdu désordre social français à l'ordre monétaire européen
_cMathieu Dubois
260 _aBruxelles
_bWien P.I.E. Peter Lang
_c2018
300 _a326 páginas
490 0 _aAllemagne dans les relations internationales
546 _aTexto en francés
650 7 _919847
_aMovimientos sociales
_xAspectos económicos
650 7 _925973
_aUniones monetarias
_xEconomía
651 _aFrancia
_xCondiciones económicas
_995858
651 _aFrancia
_xRelaciones económicas exteriores
_zAlemania
_995859
942 _cLIBRO
_2DEWEY
_a7
_e1
_h330.904
_mD815c
999 _c311627
_d311627